| 000 | 01145nam0a22002531 4500 | ||
|---|---|---|---|
| 001 | rc\851818 | ||
| 005 | 20041129092655.5 | ||
| 035 | _a(NLR Aleph) 006032400 | ||
| 090 |
_a7542162 _c7542162 |
||
| 100 | _a20041129d1983 u |0rusy50 ca | ||
| 101 | 0 | _arus | |
| 102 | _aRU | ||
| 105 | _aa ||||||||| | ||
| 200 | 1 |
_aПедагогические основы организации самостоятельной работы _eМетод. рекомендации для преподавателей и студентов _fМ-во культуры РСФСР, Куйбышев. гос. ин-т культуры, Каф. педагогики и психологии _g[Сост. Шевченко А.П., к. п. н., доц.] |
|
| 210 |
_aКуйбышев _cБ. и. _d1983 (вып. дан. 1984) |
||
| 215 |
_a28 с. _cил. _d20 |
||
| 320 | _aБиблиогр.: с. 24-27 | ||
| 702 | 1 |
_aШевченко _bА. П. _gАлла Павловна _4220 |
|
| 712 | 0 | 2 |
_aКуйбышевский ин-т культуры _3RU\NLR\AUTH\889946861 |
| 801 | 0 |
_aRU _bNLR _gpsbo |
|
| 801 | 1 |
_aRU _bELAR _2rusmarc |
|
| 852 |
_aNLR _j84-4/15774 |
||
| 942 | _cBOOK | ||
| 980 | _aNB | ||